Tea Barbie quiz - Statistics

General Stats
  • This quiz has been taken 17 times
  • The average score is 8 of 29
Answer Stats
Album Answer % Correct
Tigrica Tigrica
90%
Kleopatra Kleopatra
80%
Škorpija Škorpija
80%
DIVA Diva
70%
Škorpija Audi mačka
30%
DIVA Dubai
30%
Tigrica Heroina
30%
Tigrica Ide gas
30%
Kleopatra Keš mama
30%
Škorpija Somerzbi
30%
DIVA Bad bitch
20%
Škorpija Blok lista
20%
DIVA Cedevita
20%
DIVA Disco
20%
Kleopatra Fuck off
20%
Tigrica Glavna u gradu
20%
Tigrica Lizalica
20%
DIVA Nemam sreće
20%
Kleopatra Ostala sam sama
20%
- Prada
20%
Tigrica Ti i ja
20%
Škorpija After party
10%
Škorpija Dama
10%
- Dilema
10%
- Zločin
10%
- Dođi gore
10%
DIVA HOT
10%
DIVA Tigrica 2
10%
- Vozi me
10%
No matching quizzes found
Score Distribution
Percent of People with Each Score
Percentile by Number Answered
Your Score History
You have not taken this quiz